000
00341nam a2200145Ia 4500
008
220204s9999 xx 000 0 und d
082
_a
330.1
_b
FER
100
_a
FERGUSON, C E
245
0
_a
Principles of economics
250
_a
2
260
_a
Calcutta
_b
Oxford & IBH
_c
1968
650
_a
Economics
700
_a
KREPS, J M
942
_c
BK
999
_c
20896
_d
20896